Social Work Research : (Record no. 618441)

MARC details
000 -LEADER
fixed length control field 00487nam a2200193 a 4500
008 - FIXED-LENGTH DATA ELEMENTS--GENERAL INFORMATION
fixed length control field 260330s2004##################000#0#eng##
020 ## - INTERNATIONAL STANDARD BOOK NUMBER
ISBN 9780761949718
082 04 - DEWEY DECIMAL CLASSIFICATION NUMBER
Classification number 361.3072
Item number DCR
100 1# - MAIN ENTRY--AUTHOR NAME
Personal name D'Cruz, Heather,
245 10 - TITLE STATEMENT
Title Social Work Research :
260 ## - PUBLICATION, DISTRIBUTION, ETC. (IMPRINT)
Name of publisher SAGE,
Year of publication 2004.
300 ## - PHYSICAL DESCRIPTION
Number of Pages 218 pages
650 #0 - SUBJECT ADDED ENTRY--TOPICAL TERM
Topical Term Social Science.
942 ## - ADDED ENTRY ELEMENTS (KOHA)
Koha item type English Books
Holdings
Withdrawn status Lost status Damaged status Not for loan Home library Current library Shelving location Date acquired Full call number Accession Number Price effective from Koha item type
        Anna Centenary Library Anna Centenary Library 4TH FLOOR, A WING 30.03.2026 361.3072 DCR 164054 30.03.2026 English Books

Find us on the map